Promptuari per a emprenedors
Descripción Física:
88 p. ; 24 cm
Colección:
Promptuaris ; 1
MARC
| LEADER | 00000nam a2200000Ia 4500 | ||
|---|---|---|---|
| 001 | 12720 | ||
| 003 | BGR | ||
| 005 | 20260324175421.0 | ||
| 008 | 160829s2000 xx 000 0 cat d | ||
| 080 | |a C-1-571 | ||
| 245 | |a Promptuari per a emprenedors | ||
| 260 | |a Barcelona : |b Diputació de Barcelona. Servei de Promoció Econòmica Local, |c 2000 | ||
| 300 | |a 88 p. ; |c 24 cm | ||
| 490 | |a Promptuaris ; 1 | ||
| 650 | 0 | |a Empreses |x Creació |9 32813 | |
| 650 | 0 | |a Empreses |x Direcció i administració |9 10980 | |
| 710 | 1 | |a Barcelona (Catalunya : Província). |b Diputació |b Servei de Promoció Econòmica Local |9 52408 | |
| 901 | |a Arxiu | ||
| 942 | |n 1 |2 udc |c MON | ||
| 952 | |0 0 |1 0 |4 0 |6 C1571 |7 1 |9 46111 |a Arxiu |b Arxiu |d 2016-12-01 |l 0 |o C-1-571 |p 12720 |r 2016-12-01 00:00:00 |w 2016-12-01 |y ARXIU | ||
| 999 | |c 49613 |d 49613 | ||